000 00790nam a2200253 a 4500
001 76587
003 BD-RjUL
005 20211209082849.0
008 191223s1952 n d b 001 0 eng d
035 _a(BD-RjUL)76811
040 _aBD-RjUL
_cBD-RjUL
_dBD-RjUL
_beng
041 _aeng
082 _223
_a658.8
_bCOE 1952
100 1 _aConverse, Paul Dulaney,
_d1889-
_9182983
245 1 0 _aElements of marketing /
_cPaul D. Converse & Hervey W. Huegy ; with the collaboration of Robert V. Mitchell
250 _a5th ed.
260 _aNewYork:
_bprentice-hall,
_c1952[1953]
300 _axvi,968 p. :
_c23 cm.
_bill. ;
500 _aIncludes index.
650 0 _aMarketing.
_9182579
700 _aHuegy, Harvey W.
_9182984
700 _a Mitchell, Robert Victor
_9236773
942 _2ddc
_cBK
999 _c76587
_d76587